[Event "89_| Campeonato Brasileiro 2023"]
[Site "Recife"]
[Date "2023.12.18"]
[Round "8.1"]
[White "Di Berardino, Diego Rafael"]
[Black "Supi, Luis Paulo"]
[Result "0-1"]
[WhiteElo "2477"]
[BlackElo "2579"]
[Annotator "MI Luis Rodi - Stockfish 16 (CB)"]
[PlyCount "102"]
[EventDate "2023.??.??"]
[EventCountry "BRA"]

{[%evp 12,102,35,29,36,32,25,31,42,19,20,23,45,-30,-33,-35,-41,-111,-53,-61,
-60,-57,-51,-47,-42,-50,-24,-27,0,-39,-33,-43,-53,-78,-32,-45,-35,-80,-83,-67,
-82,-100,-57,-124,-121,-121,-114,-116,-117,-123,-87,-103,-110,-123,-110,-121,
-111,-140,-128,-148,-132,-184,-182,-265,-261,-251,-209,-206,-133,-106,-20,-20,
-21,-20,-22,-25,0,-178,0,-83,-87,-194,-192,-407,-399,-410,-404,-482,-481,-3679,
-522,-29994,-29995] A primeira hora da oitava rodada antecipava uma grande
luta, a julgar pelo que podia se ver nos tabuleiros. É possível perceber o
compromisso dos mestres que aspiram a obter o primeiro lugar na prova mais
importante do xadrez brasileiro em cada lance, cada decisão, que a medida que
se acercam as rodadas finais ganham em profundidade e força. Foi uma rodada
de partidas espetaculares. Na mesa 1 o grande mestre Luis Supi venceu levando
as pretas ao mestre internacional Diego di Berardino, utilizando um
interessante e agressivo esquema contra a variante das trocas. O jogo teve
avanços laterais, roques grandes por ambos os lados, drama, aventuras e um
final de material pesado onde as pretas levaram a melhor parte. É o nosso
jogo do dia. Na mesa 2 o grande mestre Alexandr Fier não logrou quebrar a
formação Reti proposta pelo mestre fide Lucas do Valle Cardoso e teve que se
conformar com uma repetição de lances e o conseguinte empate que baixa os
dois da liderança. Na mesa 3 o grande mestre Renato Quintiliano venceu ao seu
colega André Diamant em um cenário típico de peão isolado proveniente de
uma Nimzoindia. Em uma posição apenas melhor para o primeiro lado André
cometeu um grave erro [19...Be7] que permitiu a Renato a realização de um d5
mortal que abriu as linhas para suas peças, culminando com um ataque
imparável, incluindo uma entrega de torre para destruir a cobertura do rei
preto. Uma definição exata e muito boa -modelo de ataque para este tipo de
posições com peão isolado- do representante de Osasco. Assim, Quintiliano e
Supi compartilham merecidamente a primeira colocação da prova, a falta de
três rodadas. Entre os enxadristas que se posicionam na terceira colocação,
há que destacar ao cearense Iung de Pinheiro, que venceu levando as peças
pretas ao representante de Goias, Yago Labussiere. Iung é até aqui a maior
surpresa da prova. Os principais encontros da rodada nove: Supi - Quintiliano;
De Pinheiro - Do Valle Cardoso; Fier - Mekhitarian.} 1. d4 d5 2. c4 e6 3. Nc3
Nf6 4. cxd5 exd5 5. Bg5 Bb4 {[#] Uma surpresa. Pelo geral, a teoria não
recomenda levar o bispo a b4 quando as brancas podem continuar desenvolvendo
seu cavalo em e2, porém Supi tem uma ideia diferente, vinculando a posição
a temas que são típicas da variante Ragozin} 6. e3 {[#] A continuação mais
usual. As brancas podem também transpor à Ragozin com 6.Cf3, porém o texto
é a recomendação teórica, esperando demonstrar que se as pretas continuam
com os lances típicos do esquema preto na variante das trocas -exemplo ...c6,
0–0– o bispo em b4 pode ficar fora de jogo. Porém as pretas têm outra
forma de tratar a posição: mais arriscada, porém muito interessante} h6 7.
Bh4 g5 {D35: Queen's Gambit Declined: Exchange Variation.} 8. Bg3 Ne4 9. Nge2
h5 {[#] And now ...h4 would win.White is slightly better.} 10. h4 Bg4 $5 {
A continuação mais usual. As brancas podem também transpor à Ragozin com 6.
Cf3, porém o texto é a recomendação teórica, esperando demonstrar que se
as pretas continuam com os lances típicos do esquema preto na variante das
trocas -exemplo ...c6, 0–0– o bispo em b4 pode ficar fora de jogo. Porém
as pretas têm outra forma de tratar a posição: mais arriscada, porém muito
interessante (Ameaça vencer com ...Cxc3. Stockfish 16)} 11. Qb3 {[#] O lance
de referência, ao ter sido utilizado em uma partida entre dois top, e
também o mais crítico. A imediata 11.f3 é a opção, onde 11...Cxg3 12.Cxg3
Be6 é aproximadamente igual. Um exemplo recente é 13.Da4+ Cc6 14.Bb5 Bd6 15.
Cge2 Bd7 16.0–0–0 a6 17.Bxc6 Bxc6 18.Db3 gxh4 19.Cxd5 Dg5÷ Knaak - Vogel,
Dresden 2023.} Nc6 {[#] :} ({As pretas decidem pela opção menos usada das
duas réplicas utilizadas na prática, possivelmente, no intuito de tentar
desviar do seu adversário qualquer recordação qu na memória possa ter
desta linha. Aqui a mais habitual, por ter sido escolha do GM Fabiano Caruana,
é} 11... Nxg3 12. Nxg3 Nc6 13. Nge2 (13. Bb5 Bxc3+ 14. Qxc3 Rh6 {= Rapport -
Caruana, Wijk aan Zee 2023)}) 13... Bxc3+ (13... Qd6 14. hxg5 O-O-O 15. O-O-O {
oferece alguma iniciativa às brancas, como na partida entre Corrales - Khanin,
Philadelphia 2023}) 14. Qxc3) 12. f3 {[%eval -30,25] Uma decisão natural,
sobretudo se as brancas não prepararam por antecipado as linhas complexas que
surgem de 12.Bh2!? -um lance que ainda não foi experimentado na prática- 12..
.Df6 13.f3 Bxf3 Entrar nesta variante -ainda que possa ser melhor para as
brancas em caso de jogo perfeito- sem estudo prévio? Muito arriscado. Em um
dos primeiros encontros com a linha 10...Bg4, as brancas reagiram aqui com 12.
Be5 Cxe5 13.dxe5 [Afanasiev - Makarian, Khanty Mansiysk 2022] onde 13...De7 14.
Dxd5 Cc5° é OK para o segundo jogador.} ({Branco deveria jogar:} 12. Bh2 $1
$14 {[%eval 45,31]} Qf6 13. f3 Bxf3 14. hxg5 {(Stockfish 16)}) 12... Nxg3 $11
13. Nxg3 {[#]} Be6 $146 {[%mdl 2048] Preto buscando por uma vantagem} ({
Predecessor:} 13... Qd6 14. Kf2 Bxc3 15. Qxc3 Bd7 16. Qc5 Qxc5 17. dxc5 f6 18.
Rd1 Ne7 19. e4 Be6 20. hxg5 {½-½ (31) Aczel,G (2486)-Pap,G (2432) Budapest
2023 (Stockfish 16)}) 14. Bd3 {[%eval -111,24]} (14. O-O-O $15 {[%eval -41,28]}
) 14... Qe7 {[%eval -53,31]} (14... gxh4 $17 {[%eval -111,24]} 15. Nge2 Qg5)
15. O-O-O O-O-O {Ambos reis procuraram refúgio na ala de dama. Comparado com
posições semelhantes do Gambito de Dama, as brancas aqui carecem de opções
ofensivas rápidas no setor, e também não é fácil implementar a ruptura no
centro. As pretas saíram da abertura com uma posição cômoda, possivelmente
algo melhor. Porém com uma estrutura instável em ambos os lados, um jogo
muito exato é requerido} 16. a3 Bxc3 17. Qxc3 gxh4 18. Ne2 $1 Kb8 19. Nf4 Bc8
20. Rde1 {As brancas tentam fazer funcionar a ruptura no centro, ideia que é
incomodada pelo seguinte lance das pretas. A compensação pelo peão existe
para as brancas, só que ainda deve demonstrar ser totalmente justificada.} Qg5
21. Kb1 Ne7 22. Ka1 Rh6 {[%eval -32,30] A mesma passagem de torre utilizada
por Caruana. Às vezes utilizamos as ideias das partidas modelo em contextos
que embora não sendo os mesmos, podem ser semelhantes.} (22... Ng6 $17 {
[%eval -78,24]} 23. Bxg6 fxg6) 23. Qd2 Bf5 {A troca dos bispos favorece às
pretas, considerando a colocação dos peões centrais de um e outro lado. Aos
poucos, as pretas vão construindo uma vantagem.} 24. Qf2 {[%eval -80,26]} (24.
Re2 $15 {[%eval -35,31]}) 24... Bxd3 $17 25. Nxd3 Nf5 26. Ne5 Rh7 {[%eval -57,
28] Deste jeito, a torre abandona as ideias de passagem à ala da dama
utilizando a 3ª fila, com o objetivo de manter uma forte pressão na ala do
rei. A opção era:} (26... Qe7 $17 {[%eval -100,26] que levanta a pressão
sobre e3 e g3, porém, deixa a torre do rei com mais atividade. Ideias com ...
Te6 e ...c5 aqui são possíveis.}) 27. f4 {[%eval -124,27]} (27. e4 $15 {
[%eval -57,28]} dxe4 28. fxe4 Nxd4 29. Nxf7 Rxf7 30. Qxf7 Nc2+ {[%mdl 64]
Double Attack} 31. Kb1 Nxe1 32. Rxe1) 27... Qf6 28. Nf3 {[%cal Rf3h4]} Rg7 $17
29. Nxh4 {As brancas rcuperam material, porém a posição segue favorecendo
às pretas, que dispõem das peças mais ativas e uma estrutura de peões
menos exposta.} Ng3 30. Rh2 Ne4 31. Qe2 Ng3 32. Qf2 Rdg8 {Logicamente, não
interessa às pretas a repetição de lances.} 33. Nf3 Qf5 34. Rc1 f6 35. Nd2
a6 36. Qf3 {[%eval -184,26]} (36. Nb3 $17 {[%eval -132,31] was necessary.})
36... Qd3 $19 37. Nb1 {[%eval -265,29]} (37. Nf1 $142 {[%eval -182,30]}) 37...
c6 38. Rc3 Qf5 39. Nd2 Qc8 $5 {Uma forma pouco ortodoxa de liberar a casa f5
para se antecipar à ideia de Cf1.} (39... Qg4 {Era uma possibilidade, onde}
40. Qxg4 Rxg4 41. Nf3 Re8 {pode permitir progressos gradativos ao segundo
jogador em vista da passividade das forças brancas.}) 40. Nf1 Nf5 {[%eval -20,
33] Este lance leva a complicações desnecessáeias que acabaram pondo em
dúvida a vitória das pretas. Porém, neste momento Diego conta com escassos
minutos no relógio, e Supi se aproximava ao seu último quarto de hora. Um
fator que sem dúvidas condicionou o resto da partida. Era melhor jogar:} (
40... Ne4 $17 {[%eval -106,26]} 41. Rc2 Qe8) 41. g3 $1 $11 Nxg3 42. Nxg3 Rxg3
43. Qxh5 Qe6 44. Qh7 $2 {[%eval -178,30] Em pleno apuro de tempo, as brancas
perdem a ideia preventiva de esconder o rei em a2. Se aqui 44...Txe3?! então 
(44...Te8 é melhor, com equilibrio aproximado) segueria 45.f5 e não tendo
xeque em e1, pelo qual a sequencia 45... De4 46.Txe3 Dxe3 47.Df7 corre em
favor fdas brancas.} (44. Ka2 $1 $11 {[%eval 0,36] e as brancas não com o que
se preocupar. (Stockfish 16)}) 44... R8g7 $2 {[%eval 0,41]} ({Era possível} 
44... Rxe3 $19 {[%eval -178,30] ...Rgg3 is the strong threat.} 45. Ka2 Rxc3 46.
bxc3 Re8) 45. Qh8+ {[%eval -83,32] [#]} (45. Qd3 $11 {[%eval 0,41] ainda
mantinha as brancas na partida.}) 45... Rg8 $1 $17 {[%cal Rg8h8]} 46. Qh7 {
[%eval -194,26]} (46. Qh4 $17 {[%eval -87,34] was the only chance.}) 46... Rxe3
$19 47. Rxe3 $2 {[%eval -407,36]} (47. Ka2 {[%eval -192,32]} Rxc3 48. bxc3) (
47. f5 Qe8 48. Rxe3 Rg1+ 49. Ka2 Qxe3 50. Qh6 ({Stockfish 16:1)} 50. Rc2 Qe4
51. Qh2+ Ka8 52. Qxg1 Qxc2 53. Qe3 Qc4+ 54. Ka1 Qf1+ 55. Ka2 Ka7 56. Qg3 Qc4+
57. Ka1 Qxd4 58. Qd6 a5 59. Qd8 Ka6 60. Qa8+ Kb6 61. Qd8+ Kb5 62. Qe7 Ka6 63.
Qe8 Qh4 64. Qa8+ Kb6 65. Qd8+ Kb5 66. Qe7 Ka6 67. Qd8 Qe1+ 68. Ka2 Qe5 69. Qa8+
Kb6 70. Qd8+ Kb5 71. a4+ Kc4 72. Qd7 Kd3 73. Qxb7 Qd4 74. Qc7 Qxa4+ 75. Kb1 Ke4
76. Qh2 Qd4 77. Qh4+ Ke5 78. Qh7 Qe4+ 79. Ka1 Qxf5 80. Qc7+ Ke4 {[%eval -380,
44]}) ({Stockfish 16:2)} 50. Qd7 Qc1 51. Rh3 Qb1+ 52. Kb3 Rc1 53. Rc3 Rxc3+ 54.
Kxc3 Qc1+ 55. Kd3 Qf1+ 56. Kc2 Ka7 57. Qe6 Qc4+ 58. Kb1 Qxd4 59. Ka1 a5 60. Qe7
Ka6 61. Qe8 Qh4 62. Qa8+ Kb6 63. Qd8+ Kb5 64. Qe7 Ka6 65. Qd8 Qe1+ 66. Ka2 Qe5
67. Qa8+ Kb6 68. Qd8+ Kb5 69. a4+ Kc4 70. Qd7 Kd3 71. Qxb7 Qd4 72. Qb3+ Kd2 73.
Kb1 Qc5 74. Qh3 Qc2+ 75. Ka2 Qxa4+ 76. Kb1 Qe4+ 77. Ka1 d4 78. Qh2+ Ke3 79.
Qh6+ Ke2 80. Qh2+ Kf3 {[%eval -380,43]}) ({Stockfish 16:3)} 50. Qf7 Qc1 51.
Qf8+ Ka7 52. Qb4 Rf1 53. Kb3 Qd1+ 54. Ka2 Qb1+ 55. Kb3 Qd3+ 56. Ka4 Qb5+ 57.
Qxb5 axb5+ 58. Kb3 Rxf5 59. Rh3 Kb6 60. Kc3 Ka5 61. Rh7 Rf3+ 62. Kc2 Ka6 63.
Rc7 f5 64. b3 f4 65. Rf7 b4 66. a4 Rc3+ 67. Kb2 f3 68. Rf8 Kb6 69. Rf5 Re3 70.
Kc2 Ka6 71. Rf8 Re2+ 72. Kd1 Re4 73. Kc2 Rxd4 74. Ra8+ Kb6 75. Rf8 Re4 76. Rxf3
Re2+ 77. Kd1 Re6 78. Kc1 Kc5 79. Rf2 Re4 80. Kc2 Kd4 {[%eval -444,43]}) 50...
Qxd4 {desesperador para as brancas}) 47... Rg1+ 48. Ka2 Qxe3 $19 {[%mdl 64]
Aqui as brancas não têm como desarmar a rede de mate que começa com ...Dc1}
49. Qh8+ Ka7 50. Qxf6 {[%eval -3679,33]} (50. Rc2 $142 {[%eval -481,35]} Qd3
51. Qh2) 50... Qc1 {[%eval -522,34]} (50... Qe4 $142 {[%eval -3679,33] ( -> ...
Qb1+)} 51. Qg5 Rxg5 52. fxg5 Qxd4) 51. Qe5 Qc4+ {Precisão: Brancas 45%,
Pretas 60%.} 0-1

[Event "89_| Campeonato Brasileiro 2023"]
[Site "Recife"]
[Date "2023.12.18"]
[Round "8.2"]
[White "Do Valle Cardoso, Lucas"]
[Black "Fier, Alexandr"]
[Result "1/2-1/2"]
[WhiteElo "2352"]
[BlackElo "2545"]
[PlyCount "50"]
[EventDate "2023.??.??"]
[EventCountry "BRA"]
[TimeControl "90+30"]
[WhiteClock "0:26:56"]
[BlackClock "0:21:45"]

{[%evp 9,50,23,23,10,28,28,43,40,43,38,58,56,51,30,32,2,11,12,10,9,64,56,63,33,
50,42,38,37,57,45,91,64,59,-43,-24,-48,55,60,63,-36,65,54,55]} 1. Nf3 {[%emt 0:
00:00]} d5 {[%emt 0:00:00]} 2. g3 {[%emt 0:00:00]} g6 {[%emt 0:00:00]} 3. d4 {
[%emt 0:00:00]} c6 {[%emt 0:00:00]} 4. Bg2 {[%emt 0:00:00]} Bg7 {[%emt 0:00:00]
} 5. O-O {[%emt 0:00:00]} Nf6 {[%emt 0:00:00]} 6. a4 {[%emt 0:00:00][%cal
Ba2a4,Ba4a5][%mdl 32] D02:1 d4 d5 2 Nf3 sidelines, including 2...Nf6 3 g3 and
2...Nf6 3 Bf4.} O-O {[%emt 0:00:00]} 7. a5 {[%emt 0:00:00]} Na6 {[%emt 0:00:00]
[%cal Bb8a6,Ba6c7,Bc7b5,Bb5d6,Bd6c4][%mdl 32]} 8. c3 {[%emt 0:00:00]} Bf5 {
[%emt 0:00:00]} 9. Bf4 {[%emt 0:00:00]} Rc8 $146 {[%emt 0:00:00]} ({
Predecessor:} 9... Qc8 10. Qb3 Nh5 11. Be3 Rb8 12. c4 dxc4 13. Qxc4 Bh3 14. Nc3
Nc7 15. Bg5 Bxg2 16. Kxg2 {1-0 (24) Neiksans,A (2590)-Di Nicolantonio,L (2382)
Chartres 2022}) 10. Nbd2 {[%emt 0:00:00]} Nc7 {[%emt 0:00:00]} 11. Be5 {
[%emt 0:00:00]} Nb5 {[%emt 0:00:00]} 12. Ne1 {[%emt 0:00:00]} h5 {[%emt 0:00:
00]} 13. Nd3 {[%emt 0:00:00]} Nd6 {[%emt 0:00:00]} 14. Re1 {[%emt 0:00:00]} h4
{[%emt 0:00:00]} 15. gxh4 {[%emt 0:00:00]} e6 {[%emt 0:00:00]} 16. Nf3 {
[%emt 0:00:00]} Nc4 {[%emt 0:00:00]} 17. Bg3 {[%emt 0:00:00]} Ne4 {[%emt 0:00:
00]} 18. a6 {[%emt 0:00:00]} b6 {[%emt 0:00:00]} 19. Nfe5 {[%emt 0:00:00]} Ncd6
{[%emt 0:00:00]} 20. e3 {[%emt 0:00:00]} f6 {[%emt 0:00:00]} 21. Nf3 {[%eval
-43,24] [%emt 0:00:00]} (21. Ng4 $1 $14 {[%eval 59,25]}) 21... Qe7 {[%emt 0:00:
00][%mdl 1024] Black has compensation.} 22. Qe2 {[%emt 0:00:00]} Bg4 {[%eval
55,24] [%emt 0:00:00]} (22... Nc4 $15 {[%eval -48,26]}) 23. Qc2 $14 {[%emt 0:
00:00]} Bf5 {[%emt 0:00:00]} 24. Qe2 {[%eval -36,24] [%emt 0:00:00]} (24. Nd2
$1 $14 {[%eval 63,28]}) 24... Bg4 {[%eval 65,19] [%emt 0:00:00]} (24... Nc4 $15
{[%eval -36,24]}) 25. Qc2 {[%emt 0:00:00]} Bf5 {[%emt 0:00:00] Accuracy: White
= 58%, Black = 46%.} 1/2-1/2

[Event "89_| Campeonato Brasileiro 2023"]
[Site "Recife"]
[Date "2023.12.18"]
[Round "8.3"]
[White "Quintiliano Pinto, Renato Rodrigues"]
[Black "Diamant, Andre"]
[Result "1-0"]
[WhiteElo "2489"]
[BlackElo "2513"]
[Annotator "Stockfish 16 (CB)"]
[PlyCount "51"]
[EventDate "2023.??.??"]
[EventCountry "BRA"]
[WhiteClock "0:12:56"]
[BlackClock "0:30:54"]

{[%evp 17,51,21,16,-4,25,23,47,34,71,67,71,73,76,65,93,44,74,46,115,45,64,69,
406,406,389,390,383,382,442,460,514,515,586,595,29989,720]} 1. d4 Nf6 2. c4 e6
3. Nc3 Bb4 4. e3 O-O 5. Bd3 c5 6. Nge2 d5 7. cxd5 cxd4 8. exd4 Nxd5 9. O-O Nc6
10. Re1 {E48: Nimzo-Indian: Rubinstein: 5 Bd3 d5 including 6 Ne2, but
excluding 6 a3.} Nf6 11. a3 Be7 12. Bc2 {White is slightly better.} b6 13. Qd3
Bb7 14. Bg5 {Black must now prevent Bxf6.} g6 15. Rad1 Re8 16. Bc1 $146 {
[%eval 44,26]} ({White should try} 16. h4 $16 {[%eval 93,26]}) ({Predecessor:} 
16. h4 Nd5 17. Qg3 Bxg5 18. hxg5 Nce7 19. Ne4 Nf5 20. Qh3 f6 21. Ba4 Rf8 22.
gxf6 Nxf6 {1/2-1/2 (60) Krush,I (2457)-Berg,E (2606) Gibraltar 2009}) 16... Bf8
17. Qh3 Rc8 {[%eval 115,27]} (17... Nd5 $14 {[%eval 46,30]}) 18. Ba4 {[%eval
45,31]} ({White should play} 18. Bg5 $16 {[%eval 115,27]}) 18... a6 19. Bg5 {
Nf4 is the strong threat.} Be7 $2 {[%eval 406,27][%mdl 8192]} (19... b5 $14 {
[%eval 69,29]} 20. d5 exd5) 20. Bxf6 $18 Bxf6 21. d5 exd5 22. Rxd5 Qc7 23. Rd7
Qb8 {[#]} 24. Rxf7 $1 {[%mdl 576] Deflection} Kxf7 25. Qxh7+ Ke6 26. Ng3+ {
[%eval 720,29] Accuracy: White = 72%, Black = 19%.} (26. Nd4+ $142 {[%eval
32746,29]} Kd6 {[#]} 27. Ncb5+ $1 {[%mdl 512]} (27. Rxe8 $2 Rxe8 28. Nc2 Bxc3
$19) 27... axb5 28. Nxb5+ Kc5 29. Rc1+ Kd5 30. Bb3+ Ke5 31. Qxg6) 1-0